000 00524nam a22001575i 4500
001 48812
003 ES-MaACL
005 20230906161826.0
007 t|
008 950907s1870 sp ||||1| spa d
040 _aCAM
_bspa
_cCAM
245 0 0 _aDiscursos pronunciados en las Cortes Constituyentes, en varias sesiones de diciembre de 1869, sobre la supuesta desaparición de joyas de la Corona...
260 _aMadrid :
_b[s.n.],
_c1870 (
_fImprenta de la Epoca)
300 _a349 p. ;
_c25 cm.
852 _aES-MaACL
_jG-8866
999 _c48812
_d48812